000 01767nam0a2200289 i 4500
001 RU\NLR\BIBL_A\011351318
005 20240921233035.0
010 _a9785843001582
_9100
021 _aRU
_b2017-12130
_9892
035 _a(NLR Aleph) 011351318
090 _a11246770
_c11246770
100 _a20170322d2016 u y0rusy50 ca
101 0 _arus
102 _aRU
105 _aa j 000zy
200 1 _aОценка качества воды для лесотехнических и лесохозяйственных нужд
_eкачество воды и ее состав
_e[учебное пособие]
_fМ. И. Зайцева, Л. А. Девятникова
_gМинистерство образования и науки Российской Федерации, Федеральное государственное бюджетное образовательное учреждение высшего образования Петрозаводский государственный университет
210 _aПетрозаводск
_cПетропресс
_d22016
215 _a31 с.
_cил.
_d21
320 _aБиблиогр.: с. 30-31 (9 назв.)
606 1 _aПитьевая вода
_jУчебные издания для высших учебных заведений
_xКачество
_xГигиеническая оценка
_91939407
_3RU\NLR\AUTH\66886158
686 1 _aР121.251.1я73
700 1 _aЗайцева
_bМ. И.
_cканд. техн. наук
_gМария Игоревна
_9140891
_3RU\NLR\AUTH\770140927
701 1 _aДевятникова
_bЛ. А.
_gЛюдмила Анатольевна
_9140898
_3RU\NLR\AUTH\770140934
942 _cBOOK
980 _aNBR